LEADER 01389nam 2200481 450 001 9910466444603321 005 20200520144314.0 010 $a1-78785-064-1 010 $a1-118-56836-2 035 $a(CKB)3710000000865611 035 $a(MiAaPQ)EBC4690034 035 $a(Au-PeEL)EBL4690034 035 $a(CaPaEBR)ebr11267169 035 $a(CaONFJC)MIL956230 035 $a(OCoLC)959149762 035 $a(EXLCZ)993710000000865611 100 $a20160825h20172017 uy| 0 101 0 $aeng 135 $aurcnu|||||||| 181 $2rdacontent 182 $2rdamedia 183 $2rdacarrier 200 00$aBioenergy $eprinciples and applications /$fedited by Yebo Li, Samir Kumar Khanal 210 1$aHoboken :$cJohn Wiley & Sons, Incorporated,$d[2017] 210 4$dİ2017 215 $a1 online resource (600 pages) $cillustrations (some color), map 311 $a1-118-56831-1 320 $aIncludes bibliographical references and index. 606 $aBiomass energy 606 $aRenewable energy sources 608 $aElectronic books. 615 0$aBiomass energy. 615 0$aRenewable energy sources. 676 $a662/.88 702 $aLi$b Yebo 702 $aKhanal$b Samir Kumar 801 0$bMiAaPQ 801 1$bMiAaPQ 801 2$bMiAaPQ 906 $aBOOK 912 $a9910466444603321 996 $aBioenergy$9128681 997 $aUNINA